000 00402nam a2200181Ia 4500
001 13564
005 20260306164810.0
008 260306t2009||||xx |||||||||||||| ||spa||
041 _aESP
082 _a004.678
_bB84
100 _aBrown, Donald
_eAUT
245 0 _aStrusts 2
260 _c2009
300 _a512 páginas :
_c22 cm.
650 _aGEN
654 _aCCC
942 _cLIB
_dJUS
_fJUS
_2ddc
_n
999 _c13564
_d13564